000 00710nam a2200229Ia 4500
001 15980
003 GE_BSU
008 181216s||||||||xx |||||||||||||| ||und||
040 _cGE_BSU
080 _a821.353.1-311.6
100 _aჯაყელი, ჯემალ
245 _aმუჰაჯირი
245 _bისტორიული რომანი
245 _cრედ.: ს. კლდიაშვილი
260 _aბათუმი
260 _bსაბჭ. აჭარა
260 _c1971
300 _a362გვ. : 1 ფ. პორტრ. ; 20სმ.
653 _aისტორიული რომანი
653 _aმუჰაჯირი
942 _cBK
999 _c49073
_d49073